| 000 | 01661nam a2200277 i 4500 | ||
|---|---|---|---|
| 003 | DO-SdBNP | ||
| 005 | 20260317092028.0 | ||
| 007 | ta | ||
| 008 | 240208b1905 dr ||||| |||| 00| 0 spa d | ||
| 040 |
_aDO-SdBNP _bspa _cBNPHU _erda |
||
| 082 | 4 |
_a347.729305 _bL951d _222 |
|
| 100 | 1 |
_aLugo, Américo _d1870-1952 _eautor _981550 |
|
| 245 | 1 | 0 |
_aLitis Suchard-M. Des Combres & Ca. : _cdefensa leída ante la Suprema Corte de Justicia de la República, en representación de los sres. Montalvo, Des Combes & Ca. / _bAmerico Lugo |
| 264 |
_aSanto Domingo : _bLa Cuna de América, _c1905. |
||
| 300 |
_a121 páginas ; _c23 cm. |
||
| 336 |
_2rdacontent _atexto _btxt |
||
| 337 |
_2rdamedia _asin mediación _bn |
||
| 338 |
_2rdacarrier _avolumen _bnc |
||
| 590 | _aInventariado, 2024/BT | ||
| 650 | 4 |
_aProcedimiento civil _zRepública Dominicana _916575 |
|
| 650 | 0 |
_aDefensa (Procedimiento civil) _936215 |
|
| 740 | 0 | 2 | _aRecurso en casación en materia civil por ante la Suprema Corte de Justicia de la República en sus atribuciones de Corte de Casación , promovido contra la Sentencia de la Corte de Apelación de Santo Domingo (Antigua Suprema Corte) de fecha 21 de marzo de 1906, por los Señores H. Jacot Des Combes y Montandon, Des Combes y Cª. |
| 740 | 0 | 2 | _aDefensa del Señor Enrique Jacot Des Combes en la nueva acción judicial sobre el caso de los Señores Montandon Des Combres & CO. contra Carlos Russ-Suchard leida por su abogado constituido Lic. Pelegrin Castillo; sentencia del juez de primera instancia del Distrito Judicial de Samana: breve resumen historico de esta litis |
| 910 | _aBtavárez/Validado. Control de calidad MFF | ||
| 942 |
_2ddc _cLBS1 |
||
| 999 |
_c55856 _d55856 |
||